[Event "EYCC Open-U18 2019"]
[Site "Bratislava"]
[Date "2019.08.07"]
[Round "6.1"]
[White "Kaasen, Tor Fredrik"]
[Black "Pantzar, Milton"]
[Result "1-0"]
[WhiteElo "2376"]
[BlackElo "2357"]
[Annotator "NA"]
[PlyCount "109"]
[EventDate "2019.08.02"]
[EventType "swiss"]
[EventCountry "SVK"]
[SourceTitle "playchess.com"]
[Source "ChessBase"]
[SourceQuality "1"]
[TimeControl "40/5400+30:1800+30"]

1. d4 {[%emt 0:00:00]} d5 {[%emt 0:00:00]} 2. c4 {[%emt 0:00:00]} c6 {[%emt 0:00:00]} 3. cxd5 {[%emt 0:00:07]} cxd5 {[%emt 0:00:00]} 4. Bf4 {[%emt 0:00:07]} Nf6 {[%emt 0:02:49]} 5. Nc3 {[%emt 0:00:27]} Nc6 {[%emt 0:00:32]} 6. e3 {[%emt 0:00:14]} Bf5 {[%emt 0:03:13]} 7. Qb3 {[%emt 0:00:34]} Na5 {[%emt 0:00:45]} 8. Qa4+ {[%emt 0:00:16]} Bd7 {[%emt 0:00:05]} 9. Qc2 {[%emt 0:00:06]} e6 {[%emt 0:01:10]} 10. Nf3 {[%emt 0:00:15]} Rc8 {[%emt 0:03:11]} 11. Bd3 {[%emt 0:00:20]} Be7 {[%emt 0:12:38]} 12. h3 {[%emt 0:00:46]} O-O {[%emt 0:02:11]} 13. O-O {[%emt 0:01:25]} b5 {[%emt 0:07:27]} 14. a3 {[%emt 0:03:18]} Nc4 {[%emt 0:03:31]} 15. Rfc1 {[%emt 0:02:10]} Qb6 {[%emt 0:05:07]} 16. Ne5 {[%emt 0:03:31]} Qb7 {[%emt 0:06:22]} 17. Nxd7 {[%emt 0:06:48]} Qxd7 {[%emt 0:00:25]} 18. Qe2 {[%emt 0:00:28]} a6 {[%emt 0:09:14]} 19. a4 {[%emt 0:02:40]} Bb4 {[%emt 0:13:50]} 20. axb5 {[%emt 0:09:26]} axb5 {[%emt 0:00:04]} 21. Nxb5 {[%emt 0:08:08]} Qxb5 {[%emt 0:01:05]} 22. b3 {[%emt 0:00:06]} Qd7 {[%emt 0:05:15]} 23. bxc4 {[%emt 0:00:19]} dxc4 {[%emt 0:00:04]} 24. Bxc4 {[%emt 0:01:08]} Bd6 {[%emt 0:00:20]} 25. Bb5 {[%emt 0:09:34]} Qe7 {[%emt 0:02:04]} 26. Bxd6 {[%emt 0:00:47]} Qxd6 {[%emt 0:01:51]} 27. Qf3 {[%emt 0:01:19]} e5 {[%emt 0:09:25]} 28. Rxc8 {[%emt 0:04:12]} Rxc8 {[%emt 0:00:05]} 29. Qg3 {[%emt 0:00:06]} Ne4 {[%emt 0:09:32]} 30. Qxe5 {[%emt 0:00:12]} Qxe5 {[%emt 0:00:07]} 31. dxe5 {[%emt 0:00:06]} g6 {[%emt 0:00:25]} 32. Bd3 {[%emt 0:01:23]} Ng5 {[%emt 0:00:36]} 33. Kf1 {[%emt 0:01:02]} Ne6 {[%emt 0:00:55]} 34. Ke2 {[%emt 0:00:13]} Rb8 {[%emt 0:00:42]} 35. Rb1 {[%emt 0:01:22]} Ra8 {[%emt 0:00:06]} 36. Bc4 {[%emt 0:00:15]} Nc5 {[%emt 0:00:49]} 37. Bd5 {[%emt 0:00:34]} Ra3 {[%emt 0:00:41]} 38. f4 {[%emt 0:03:26]} Kg7 {[%emt 0:00:50]} 39. Kf3 {[%emt 0:00:20]} Rd3 {[%emt 0:00:42]} 40. Be4 {[%emt 0:00:00]} Rd2 {[%emt 0:00:00]} 41. Rb4 {[%emt 0:02:05]} Rd1 {[%emt 0:03:28]} 42. Ke2 {[%emt 0:01:22]} Rg1 {[%emt 0:00:20]} 43. Bd5 {[%emt 0:00:52]} Ra1 {[%emt 0:01:11]} 44. Rc4 {[%emt 0:04:19]} Ra5 {[%emt 0:05:38]} 45. Rc2 {[%emt 0:02:28]} h5 {[%emt 0:01:13]} 46. e4 {[%emt 0:00:17]} h4 {[%emt 0:00:45]} 47. Kf3 {[%emt 0:01:14]} Ra3+ {[%emt 0:00:56]} 48. Kg4 {[%emt 0:00:35]} Nd3 {[%emt 0:00:28]} 49. e6 {[%emt 0:10:05]} fxe6 {[%emt 0:04:06]} 50. Bxe6 {[%emt 0:00:33]} Kh6 {[%emt 0:00:45]} 51. Bf7 {[%emt 0:02:53]} Kg7 {[%emt 0:01:05]} 52. Be8 {[%emt 0:02:45]} Ne1 {[%emt 0:01:50]} 53. Re2 {[%emt 0:00:22]} Nd3 {[%emt 0:00:19]} 54. Bb5 {[%emt 0:01:37]} Nc5 {[%emt 0:03:07]} 55. Kxh4 {[%emt 0:03:43]} 1-0

[Event "EYCC Open-U18 2019"]
[Site "Bratislava"]
[Date "2019.08.07"]
[Round "6.2"]
[White "Vrolijk, Liam"]
[Black "Hakobyan, Aram"]
[Result "1-0"]
[WhiteElo "2478"]
[BlackElo "2568"]
[Annotator "ChessBase"]
[PlyCount "93"]
[EventDate "2019.08.02"]
[EventType "swiss"]
[EventCountry "SVK"]
[SourceTitle "playchess.com"]
[Source "ChessBase"]
[SourceQuality "1"]
[TimeControl "40/5400+30:1800+30"]

1. d4 {[%emt 0:00:00]} Nf6 {[%emt 0:00:11]} 2. c4 {[%emt 0:00:00]} e6 {[%emt 0:00:21]} 3. Nf3 {[%emt 0:00:00]} b6 {[%emt 0:00:52]} 4. g3 {[%emt 0:00:53]} Bb7 {[%emt 0:00:53]} 5. Bg2 {[%emt 0:00:10]} Bb4+ {[%emt 0:00:03]} 6. Bd2 {[%emt 0:00:57]} Be7 {[%emt 0:00:17]} 7. Nc3 {[%emt 0:03:50]} O-O {[%emt 0:00:06]} 8. O-O {[%emt 0:00:52]} c6 {[%emt 0:00:03]} 9. Bf4 {[%emt 0:01:59]} d5 {[%emt 0:00:08]} 10. Qd3 {[%emt 0:01:44]} Nbd7 {[%emt 0:16:51]} 11. e4 {[%emt 0:01:00]} Ba6 {[%emt 0:02:42]} 12. b3 {[%emt 0:06:10]} Rc8 {[%emt 0:04:17]} 13. Rfd1 {[%emt 0:11:08]} b5 {[%emt 0:27:57]} 14. c5 {[%emt 0:09:11]} Qa5 {[%emt 0:03:19]} 15. Bf1 {[%emt 0:12:11]} dxe4 {[%emt 0:12:22]} 16. Nxe4 {[%emt 0:00:03]} Nxe4 {[%emt 0:00:05]} 17. Qxe4 {[%emt 0:00:08]} b4 {[%emt 0:01:42]} 18. Bg2 {[%emt 0:02:23]} Nf6 {[%emt 0:01:00]} 19. Qe1 {[%emt 0:01:22]} Nd5 {[%emt 0:02:10]} 20. Bd2 {[%emt 0:01:30]} Bf6 {[%emt 0:11:19]} 21. a3 {[%emt 0:05:02]} Qc7 {[%emt 0:00:32]} 22. Bxb4 {[%emt 0:02:55]} Nxb4 {[%emt 0:01:11]} 23. Qxb4 {[%emt 0:02:12]} Be2 {[%emt 0:00:39]} 24. Rd2 {[%emt 0:00:59]} a5 {[%emt 0:01:02]} 25. Qc3 {[%emt 0:00:55]} Bxf3 {[%emt 0:00:15]} 26. Qxf3 {[%emt 0:01:00]} e5 {[%emt 0:00:13]} 27. Qf5 {[%emt 0:01:48]} Qe7 {[%emt 0:09:09]} 28. Re1 {[%emt 0:02:36]} g6 {[%emt 0:00:50]} 29. Qc2 {[%emt 0:02:11]} Qc7 {[%emt 0:00:17]} 30. d5 {[%emt 0:01:16]} cxd5 {[%emt 0:00:03]} 31. Rxd5 {[%emt 0:00:05]} Rfd8 {[%emt 0:01:13]} 32. b4 {[%emt 0:00:39]} axb4 {[%emt 0:00:04]} 33. axb4 {[%emt 0:00:04]} Kg7 {[%emt 0:00:42]} 34. Qc4 {[%emt 0:01:30]} Rb8 {[%emt 0:00:18]} 35. h4 {[%emt 0:04:01]} Rxd5 {[%emt 0:01:06]} 36. Bxd5 {[%emt 0:00:07]} Qa7 {[%emt 0:00:02]} 37. b5 {[%emt 0:01:01]} Qa5 {[%emt 0:01:34]} 38. Rb1 {[%emt 0:00:13]} e4 {[%emt 0:00:33]} 39. Bxe4 {[%emt 0:02:13]} Qd2 {[%emt 0:00:01]} 40. Qd3 {[%emt 0:00:00]} Qxd3 {[%emt 0:00:00]} 41. Bxd3 {[%emt 0:07:02]} Bd4 {[%emt 0:00:35]} 42. c6 {[%emt 0:00:56]} Bb6 {[%emt 0:00:06]} 43. Ra1 {[%emt 0:01:06]} Kf6 {[%emt 0:00:08]} 44. Bc4 {[%emt 0:00:54]} Ke7 {[%emt 0:00:35]} 45. Kg2 {[%emt 0:01:39]} Kd6 {[%emt 0:00:16]} 46. h5 {[%emt 0:05:51]} f5 {[%emt 0:02:22]} 47. Re1 {[%emt 0:02:54] Kd5} 1-0

[Event "EYCC Open-U18 2019"]
[Site "Bratislava"]
[Date "2019.08.07"]
[Round "6.3"]
[White "Murzin, Volodar"]
[Black "Engel, Luis"]
[Result "1/2-1/2"]
[WhiteElo "2429"]
[BlackElo "2509"]
[Annotator "ChessBase"]
[PlyCount "72"]
[EventDate "2019.08.02"]
[EventType "swiss"]
[EventCountry "SVK"]
[SourceTitle "playchess.com"]
[Source "ChessBase"]
[SourceQuality "1"]
[TimeControl "40/5400+30:1800+30"]

1. e4 {[%emt 0:00:00]} c5 {[%emt 0:00:00]} 2. Nf3 {[%emt 0:00:00]} e6 {[%emt 0:00:00]} 3. g3 {[%emt 0:00:00]} Nc6 {[%emt 0:00:00]} 4. Bg2 {[%emt 0:00:04]} Nf6 {[%emt 0:00:00]} 5. Qe2 {[%emt 0:00:12]} e5 {[%emt 0:00:00]} 6. O-O {[%emt 0:00:27]} Be7 {[%emt 0:00:03]} 7. d3 {[%emt 0:00:34]} O-O {[%emt 0:00:17]} 8. Na3 {[%emt 0:00:14]} Re8 {[%emt 0:00:27]} 9. Nc4 {[%emt 0:00:14]} Bf8 {[%emt 0:00:21]} 10. Bg5 {[%emt 0:00:10]} d6 {[%emt 0:02:10]} 11. c3 {[%emt 0:02:14]} Be6 {[%emt 0:03:59]} 12. Ne3 {[%emt 0:00:50]} Be7 {[%emt 0:03:56]} 13. Bxf6 {[%emt 0:02:43]} Bxf6 {[%emt 0:00:08]} 14. Nd2 {[%emt 0:00:23]} g6 {[%emt 0:04:59]} 15. f4 {[%emt 0:01:03]} exf4 {[%emt 0:03:04]} 16. gxf4 {[%emt 0:00:21]} Bg7 {[%emt 0:02:15]} 17. Qf2 {[%emt 0:01:56]} f5 {[%emt 0:09:54]} 18. exf5 {[%emt 0:00:36]} gxf5 {[%emt 0:00:32]} 19. Rae1 {[%emt 0:01:35]} Kh8 {[%emt 0:05:14]} 20. Nd5 {[%emt 0:06:32]} Qd7 {[%emt 0:02:46]} 21. Re3 {[%emt 0:04:29]} Rac8 {[%emt 0:20:48]} 22. Rfe1 {[%emt 0:05:44]} Bf7 {[%emt 0:01:16]} 23. Qh4 {[%emt 0:04:05]} Rxe3 {[%emt 0:04:38]} 24. Rxe3 {[%emt 0:00:47]} Bxd5 {[%emt 0:04:47]} 25. Bxd5 {[%emt 0:00:41]} Re8 {[%emt 0:00:35]} 26. Nf1 {[%emt 0:10:07]} Rxe3 {[%emt 0:01:45]} 27. Nxe3 {[%emt 0:00:06]} Ne7 {[%emt 0:01:21]} 28. Qh5 {[%emt 0:06:44]} Nxd5 {[%emt 0:01:35]} 29. Nxd5 {[%emt 0:00:39]} Qe6 {[%emt 0:00:23]} 30. Qf3 {[%emt 0:02:24]} Qe1+ {[%emt 0:02:57]} 31. Kg2 {[%emt 0:00:24]} Qd2+ {[%emt 0:01:18]} 32. Kg3 {[%emt 0:04:13]} Qxb2 {[%emt 0:02:31]} 33. Qh5 {[%emt 0:00:45]} Qb5 {[%emt 0:00:53]} 34. Qxf5 {[%emt 0:00:12]} Qe8 {[%emt 0:00:48]} 35. c4 {[%emt 0:00:50]} Qe1+ {[%emt 0:02:05]} 36. Kh3 {[%emt 0:00:35]} Qf1+ {[%emt 0:01:55]} 1/2-1/2

[Event "EYCC Open-U18 2019"]
[Site "Bratislava"]
[Date "2019.08.07"]
[Round "6.4"]
[White "Zarubitski, Viachaslau"]
[Black "Pechac, Jergus"]
[Result "1-0"]
[WhiteElo "2424"]
[BlackElo "2469"]
[Annotator "ChessBase"]
[PlyCount "183"]
[EventDate "2019.08.02"]
[EventType "swiss"]
[EventCountry "SVK"]
[SourceTitle "playchess.com"]
[Source "ChessBase"]
[SourceQuality "1"]
[TimeControl "40/5400+30:1800+30"]

1. e4 {[%emt 0:00:00]} e5 {[%emt 0:03:02]} 2. Nf3 {[%emt 0:00:00]} Nc6 {[%emt 0:01:55]} 3. Bb5 {[%emt 0:00:00]} a6 {[%emt 0:00:04]} 4. Ba4 {[%emt 0:00:00]} Nf6 {[%emt 0:00:06]} 5. d3 {[%emt 0:00:08]} Bc5 {[%emt 0:00:21]} 6. Bxc6 {[%emt 0:00:13]} dxc6 {[%emt 0:00:08]} 7. Nc3 {[%emt 0:00:13]} Nd7 {[%emt 0:01:01]} 8. Be3 {[%emt 0:02:36]} Bd6 {[%emt 0:00:17]} 9. Qd2 {[%emt 0:09:35]} c5 {[%emt 0:06:55]} 10. Ne2 {[%emt 0:06:06]} Nb8 {[%emt 0:07:48]} 11. Ng3 {[%emt 0:13:44]} Nc6 {[%emt 0:01:03]} 12. c3 {[%emt 0:00:11]} Bg4 {[%emt 0:02:18]} 13. Nh4 {[%emt 0:01:39]} g6 {[%emt 0:02:21]} 14. h3 {[%emt 0:06:18]} Be6 {[%emt 0:01:24]} 15. Nf3 {[%emt 0:07:02]} Qd7 {[%emt 0:03:58]} 16. Bg5 {[%emt 0:13:17]} Be7 {[%emt 0:01:48]} 17. Bxe7 {[%emt 0:00:22]} Qxe7 {[%emt 0:00:15]} 18. O-O {[%emt 0:01:11]} O-O-O {[%emt 0:02:18]} 19. Qe3 {[%emt 0:03:53]} h5 {[%emt 0:04:03]} 20. Rfd1 {[%emt 0:03:03]} Kb8 {[%emt 0:02:14]} 21. Ne2 {[%emt 0:08:11]} Bc8 {[%emt 0:01:36]} 22. d4 {[%emt 0:00:33]} exd4 {[%emt 0:01:12]} 23. cxd4 {[%emt 0:00:33]} cxd4 {[%emt 0:08:38]} 24. Nexd4 {[%emt 0:00:30]} Nxd4 {[%emt 0:03:29]} 25. Nxd4 {[%emt 0:00:24]} Rhe8 {[%emt 0:02:40]} 26. Rac1 {[%emt 0:04:34]} Ka8 {[%emt 0:01:55]} 27. Re1 {[%emt 0:03:22]} Qe5 {[%emt 0:00:55]} 28. Nf3 {[%emt 0:01:48]} Qxb2 {[%emt 0:03:31]} 29. Rxc7 {[%emt 0:01:03]} Qxa2 {[%emt 0:00:18]} 30. Rec1 {[%emt 0:01:19]} Qa4 {[%emt 0:03:45]} 31. Kh2 {[%emt 0:05:46]} f5 {[%emt 0:11:17]} 32. e5 {[%emt 0:04:23]} Kb8 {[%emt 0:07:06]} 33. R1c4 {[%emt 0:01:25]} Qb5 {[%emt 0:01:14]} 34. R4c5 {[%emt 0:00:44]} Qb1 {[%emt 0:00:37]} 35. Nd2 {[%emt 0:00:51]} Qd1 {[%emt 0:12:54]} 36. Nc4 {[%emt 0:01:35]} Rd5 {[%emt 0:00:45]} 37. Nb6 {[%emt 0:00:41]} Rxc5 {[%emt 0:00:13]} 38. Qxc5 {[%emt 0:00:05]} Be6 {[%emt 0:00:04]} 39. Rg7 {[%emt 0:01:35]} Qd8 {[%emt 0:00:01]} 40. Qb4 {[%emt 0:00:00]} g5 {[%emt 0:00:00]} 41. f4 {[%emt 0:20:01]} Rg8 {[%emt 0:22:33]} 42. Rxg8 {[%emt 0:03:29]} Bxg8 {[%emt 0:00:27]} 43. fxg5 {[%emt 0:01:02]} Ka7 {[%emt 0:02:44]} 44. Na4 {[%emt 0:00:41]} Qxg5 {[%emt 0:02:35]} 45. Qc5+ {[%emt 0:02:54]} Kb8 {[%emt 0:00:02]} 46. Qf8+ {[%emt 0:00:57]} Ka7 {[%emt 0:00:03]} 47. Qc5+ {[%emt 0:00:02]} Kb8 {[%emt 0:00:05]} 48. Nb6 {[%emt 0:01:42]} Qd8 {[%emt 0:01:16]} 49. Kg3 {[%emt 0:01:08]} Ka7 50. Nd7+ {[%emt 0:00:47]} b6 {[%emt 0:06:36]} 51. Qd6 {[%emt 0:00:01]} Bc4 {[%emt 0:00:52]} 52. e6 {[%emt 0:00:53]} Bb5 {[%emt 0:00:04]} 53. Kf4 {[%emt 0:01:45]} Kb7 {[%emt 0:00:51]} 54. Kxf5 {[%emt 0:00:49]} h4 {[%emt 0:00:01]} 55. Qd5+ {[%emt 0:01:00]} Kc7 {[%emt 0:00:36]} 56. Qe5+ {[%emt 0:00:25]} Kb7 {[%emt 0:00:52]} 57. Qd5+ {[%emt 0:00:32]} Kc7 {[%emt 0:00:04]} 58. Qe5+ {[%emt 0:00:01]} Kb7 {[%emt 0:01:05]} 59. Nf6 {[%emt 0:00:53]} Qe7 {[%emt 0:00:35]} 60. Nd5 {[%emt 0:00:48]} Qh7+ {[%emt 0:01:19]} 61. Kg4 {[%emt 0:00:57]} a5 {[%emt 0:01:49]} 62. e7 {[%emt 0:00:09]} Bd7+ {[%emt 0:00:24]} 63. Kg5 {[%emt 0:00:27]} Ka6 {[%emt 0:00:34]} 64. Qd6 {[%emt 0:00:55]} Qf5+ {[%emt 0:00:30]} 65. Kh6 {[%emt 0:00:42]} Kb5 {[%emt 0:00:26]} 66. Qxb6+ {[%emt 0:00:24]} Ka4 {[%emt 0:00:01]} 67. Qd4+ {[%emt 0:00:28]} Kb3 {[%emt 0:00:17]} 68. Qc3+ {[%emt 0:00:19]} Ka4 {[%emt 0:00:05]} 69. Qc4+ {[%emt 0:00:44]} Ka3 {[%emt 0:00:03]} 70. Qc5+ {[%emt 0:00:01]} Kb2 {[%emt 0:00:24]} 71. Qc3+ {[%emt 0:00:31]} Kb1 {[%emt 0:00:10]} 72. Qb3+ {[%emt 0:00:52]} Ka1 {[%emt 0:00:37]} 73. Qd1+ {[%emt 0:00:19]} Kb2 {[%emt 0:00:03]} 74. Qd4+ {[%emt 0:00:29]} Kb1 {[%emt 0:00:59]} 75. Nf6 {[%emt 0:00:36]} Qe6 {[%emt 0:00:41]} 76. Qd3+ {[%emt 0:00:35]} Kb2 {[%emt 0:00:30]} 77. Qd2+ {[%emt 0:00:10]} Kb1 {[%emt 0:00:14]} 78. Qd1+ {[%emt 0:00:05]} Kb2 {[%emt 0:00:04]} 79. Qd4+ {[%emt 0:00:21]} Kb1 {[%emt 0:00:10]} 80. Qxd7 {[%emt 0:00:20]} Qxf6+ {[%emt 0:00:03]} 81. Kh5 {[%emt 0:00:01]} Qf7+ {[%emt 0:01:06]} 82. Kxh4 {[%emt 0:00:24]} Qf2+ {[%emt 0:00:13]} 83. Kh5 {[%emt 0:00:34]} Qf7+ {[%emt 0:00:11]} 84. Kg5 {[%emt 0:00:18]} Qg7+ {[%emt 0:00:10]} 85. Kf5 {[%emt 0:00:53]} Qf7+ {[%emt 0:00:19]} 86. Ke5 {[%emt 0:00:04]} Qg7+ {[%emt 0:00:06]} 87. Kf4 {[%emt 0:01:01]} Qh6+ {[%emt 0:00:10]} 88. Ke4 {[%emt 0:00:13]} Qh7+ {[%emt 0:00:18]} 89. Kd4 {[%emt 0:00:21]} Qg7+ {[%emt 0:00:28]} 90. Kc4 {[%emt 0:00:19]} Qf7+ {[%emt 0:00:31]} 91. Kb5 {[%emt 0:00:13]} Qb3+ {[%emt 0:00:16]} 92. Ka6 {[%emt 0:00:11]} 1-0

[Event "EYCC Open-U18 2019"]
[Site "Bratislava"]
[Date "2019.08.07"]
[Round "6.5"]
[White "Gorshtein, Ido"]
[Black "Salemgareev, Tagir"]
[Result "1/2-1/2"]
[WhiteElo "2367"]
[BlackElo "2412"]
[Annotator "NA"]
[PlyCount "73"]
[EventDate "2019.08.02"]
[EventType "swiss"]
[EventCountry "SVK"]
[SourceTitle "playchess.com"]
[Source "ChessBase"]
[SourceQuality "1"]
[TimeControl "40/5400+30:1800+30"]

1. c4 {[%emt 0:00:00]} e5 {[%emt 0:00:00]} 2. Nc3 {[%emt 0:00:00]} Nc6 {[%emt 0:00:00]} 3. g3 {[%emt 0:01:30]} g6 {[%emt 0:00:02]} 4. Bg2 {[%emt 0:00:04]} Bg7 {[%emt 0:00:04]} 5. e3 {[%emt 0:00:53]} d6 {[%emt 0:00:05]} 6. Nge2 {[%emt 0:02:53]} f5 {[%emt 0:01:29]} 7. d3 {[%emt 0:03:02]} Nf6 {[%emt 0:00:27]} 8. Rb1 {[%emt 0:03:09]} a5 {[%emt 0:04:24]} 9. a3 {[%emt 0:04:25]} O-O {[%emt 0:00:32]} 10. b4 {[%emt 0:01:06]} axb4 {[%emt 0:00:15]} 11. axb4 {[%emt 0:00:02]} g5 {[%emt 0:03:17]} 12. h4 {[%emt 0:08:47]} h6 {[%emt 0:12:51]} 13. hxg5 {[%emt 0:00:58]} hxg5 {[%emt 0:00:05]} 14. Nd5 {[%emt 0:02:13]} Ne7 {[%emt 0:08:17]} 15. Nec3 {[%emt 0:02:42]} Nexd5 {[%emt 0:15:28]} 16. Nxd5 {[%emt 0:00:19]} c6 {[%emt 0:00:07]} 17. Nxf6+ {[%emt 0:00:25]} Qxf6 {[%emt 0:00:57]} 18. b5 {[%emt 0:01:32]} Bd7 {[%emt 0:00:53]} 19. Qh5 {[%emt 0:20:08]} Rf7 {[%emt 0:10:38]} 20. bxc6 {[%emt 0:03:12]} Bxc6 {[%emt 0:00:39]} 21. Kf1 {[%emt 0:12:15]} Bf8 {[%emt 0:03:04]} 22. Bxc6 {[%emt 0:07:05]} bxc6 {[%emt 0:00:04]} 23. Kg2 {[%emt 0:01:00]} Ra2 {[%emt 0:05:51]} 24. Rb8 {[%emt 0:07:47]} f4 {[%emt 0:10:49]} 25. exf4 {[%emt 0:00:32]} gxf4 {[%emt 0:12:56]} 26. gxf4 {[%emt 0:00:05]} Rc2 {[%emt 0:04:40]} 27. f5 {[%emt 0:05:22]} Qg7+ {[%emt 0:00:34]} 28. Kf3 {[%emt 0:00:43]} d5 {[%emt 0:00:28]} 29. Bh6 {[%emt 0:03:22]} e4+ {[%emt 0:00:32]} 30. Ke3 {[%emt 0:00:36]} d4+ {[%emt 0:01:40]} 31. Kxe4 {[%emt 0:00:05]} Qg2+ {[%emt 0:00:39]} 32. Ke5 {[%emt 0:01:14]} Re2+ {[%emt 0:01:54]} 33. Qxe2 {[%emt 0:00:47]} Re7+ {[%emt 0:00:04]} 34. Kxd4 {[%emt 0:01:57]} Rxe2 {[%emt 0:00:41]} 35. Rxf8+ {[%emt 0:00:05]} Kh7 {[%emt 0:00:03]} 36. Rf7+ {[%emt 0:03:26]} Kh8 {[%emt 0:00:05]} 37. Rf8+ 1/2-1/2

[Event "EYCC Open-U18 2019"]
[Site "Bratislava"]
[Date "2019.08.07"]
[Round "6.6"]
[White "Van Foreest, Lucas"]
[Black "Bronstein, Or"]
[Result "0-1"]
[WhiteElo "2521"]
[BlackElo "2378"]
[Annotator "ChessBase"]
[PlyCount "72"]
[EventDate "2019.08.02"]
[EventType "swiss"]
[EventCountry "SVK"]
[SourceTitle "playchess.com"]
[Source "ChessBase"]
[SourceQuality "1"]
[TimeControl "40/5400+30:1800+30"]

1. f4 {[%emt 0:00:00]} Nf6 {[%emt 0:01:37]} 2. Nf3 {[%emt 0:00:00]} g6 {[%emt 0:01:46]} 3. g3 {[%emt 0:00:00]} Bg7 {[%emt 0:00:06]} 4. Bg2 {[%emt 0:00:10]} O-O {[%emt 0:00:07]} 5. O-O {[%emt 0:00:03]} c5 {[%emt 0:06:51]} 6. d3 {[%emt 0:00:44]} Nc6 {[%emt 0:00:53]} 7. e4 {[%emt 0:01:10]} d6 {[%emt 0:00:05]} 8. Nh4 {[%emt 0:00:05]} Rb8 {[%emt 0:01:48]} 9. Kh1 {[%emt 0:20:49]} Nd7 {[%emt 0:04:47]} 10. c3 {[%emt 0:08:00]} b5 {[%emt 0:03:51]} 11. Be3 {[%emt 0:09:30]} b4 {[%emt 0:01:20]} 12. e5 {[%emt 0:12:48]} bxc3 {[%emt 0:03:55]} 13. bxc3 {[%emt 0:01:10]} Qc7 {[%emt 0:07:00]} 14. Nd2 {[%emt 0:00:06]} dxe5 {[%emt 0:05:12]} 15. f5 {[%emt 0:00:01]} Nf6 {[%emt 0:08:25]} 16. Bxc5 {[%emt 0:01:00]} g5 {[%emt 0:09:37]} 17. Nhf3 {[%emt 0:00:43]} Bxf5 {[%emt 0:00:03]} 18. Nxg5 {[%emt 0:00:53]} Bxd3 {[%emt 0:00:11]} 19. Nde4 {[%emt 0:08:37]} Nxe4 {[%emt 0:02:56]} 20. Nxe4 {[%emt 0:03:55]} Bxf1 {[%emt 0:02:54]} 21. Qxf1 {[%emt 0:00:00]} Nd8 {[%emt 0:06:18]} 22. Qf5 {[%emt 0:08:10]} Ne6 {[%emt 0:00:29]} 23. Rf1 {[%emt 0:00:50]} Rb2 {[%emt 0:02:04]} 24. Bf3 {[%emt 0:00:14]} h6 {[%emt 0:05:35]} 25. Be3 {[%emt 0:01:43]} Qc8 {[%emt 0:06:38]} 26. h4 {[%emt 0:04:17]} Nc7 {[%emt 0:02:39]} 27. Qxc8 {[%emt 0:01:30]} Rxc8 {[%emt 0:00:01]} 28. Bh5 {[%emt 0:01:03]} Rf8 {[%emt 0:02:47]} 29. Bc5 {[%emt 0:01:09]} Nd5 {[%emt 0:00:04]} 30. Rd1 {[%emt 0:01:56]} Nf6 {[%emt 0:04:13]} 31. Bf3 {[%emt 0:00:09]} Rfb8 {[%emt 0:03:11]} 32. Bxa7 {[%emt 0:01:19]} Rc8 {[%emt 0:01:08]} 33. Be3 {[%emt 0:00:09]} Nxe4 {[%emt 0:00:25]} 34. Bxe4 {[%emt 0:00:01]} Re2 {[%emt 0:00:32]} 35. Rd3 {[%emt 0:01:38]} Rb8 {[%emt 0:00:23]} 36. Bf5 {[%emt 0:00:54]} e4 {[%emt 0:00:38]} 0-1

[Event "EYCC Open-U18 2019"]
[Site "Bratislava"]
[Date "2019.08.07"]
[Round "6.7"]
[White "Baenziger, Fabian"]
[Black "Nguyen, Thai Dai Van"]
[Result "0-1"]
[WhiteElo "2352"]
[BlackElo "2535"]
[Annotator "ChessBase"]
[PlyCount "52"]
[EventDate "2019.08.02"]
[EventType "swiss"]
[EventCountry "SVK"]
[SourceTitle "playchess.com"]
[Source "ChessBase"]
[SourceQuality "1"]
[TimeControl "40/5400+30:1800+30"]

1. d4 {[%emt 0:00:00]} d5 {[%emt 0:00:00]} 2. c4 {[%emt 0:00:03]} e6 {[%emt 0:00:00]} 3. Nf3 {[%emt 0:00:32]} Nf6 {[%emt 0:00:00]} 4. g3 {[%emt 0:01:11]} dxc4 {[%emt 0:00:14]} 5. Bg2 {[%emt 0:00:10]} c6 {[%emt 0:00:07]} 6. Ne5 {[%emt 0:02:57]} Bb4+ {[%emt 0:00:07]} 7. Bd2 {[%emt 0:05:46]} Be7 {[%emt 0:00:06]} 8. Na3 {[%emt 0:15:15]} Bxa3 {[%emt 0:24:13]} 9. bxa3 {[%emt 0:00:05]} Qxd4 {[%emt 0:00:04]} 10. Ba5 {[%emt 0:03:00]} Qxd1+ {[%emt 0:04:52]} 11. Rxd1 {[%emt 0:00:05]} b6 {[%emt 0:02:52]} 12. Nxc6 {[%emt 0:11:31]} Nd5 {[%emt 0:16:04]} 13. Nb4 {[%emt 0:05:06]} Nc7 {[%emt 0:03:16]} 14. Nc6 {[%emt 0:00:43]} Nd5 {[%emt 0:15:12]} 15. Nb4 {[%emt 0:00:17]} Bb7 {[%emt 0:02:47]} 16. Nxd5 {[%emt 0:01:49]} exd5 {[%emt 0:00:03]} 17. Bb4 {[%emt 0:03:51]} Na6 {[%emt 0:00:53]} 18. Bxd5 {[%emt 0:01:55]} O-O-O {[%emt 0:00:05]} 19. Bxb7+ {[%emt 0:08:49]} Kxb7 {[%emt 0:00:01]} 20. Rc1 {[%emt 0:04:49]} Nxb4 {[%emt 0:07:19]} 21. axb4 {[%emt 0:00:05]} b5 {[%emt 0:00:03]} 22. Rd1 {[%emt 0:04:03]} Kb6 {[%emt 0:02:22]} 23. e3 {[%emt 0:01:55]} a5 {[%emt 0:01:54]} 24. bxa5+ {[%emt 0:00:07]} Kxa5 {[%emt 0:00:04]} 25. Ke2 {[%emt 0:00:04]} Kb4 {[%emt 0:00:59]} 26. Rb1+ {[%emt 0:01:17]} Kc5 {[%emt 0:00:25]} 0-1